[Event "FB21 1920 SC Rotation Pankow - Chemnitz"]
[Site "?"]
[Date "2019.09.14"]
[Round "1.1"]
[White "Czaeczine, Anne"]
[Black "Wagner-Michel, Annett"]
[Result "1-0"]
[WhiteElo "2190"]
[BlackElo "2055"]
[PlyCount "74"]
[EventDate "2019.??.??"]

1. e4 c5 2. Nf3 Nc6 3. d4 cxd4 4. Nxd4 g6 5. Nc3 Bg7 6. Be3 Nf6 7. Bc4 d6 8. f3
Bd7 9. Qd2 Qa5 10. Bb3 Rc8 11. O-O-O Ne5 12. Kb1 b5 13. Ncxb5 Qa6 14. Na3 O-O
15. Bh6 Rc5 16. h4 Nc6 17. Nxc6 Bxc6 18. Be3 Ra5 19. Bc4 Nxe4 20. fxe4 Qb7 21.
Bb3 Ra4 22. h5 Bxe4 23. hxg6 Bxg6 24. g3 Rb8 25. Rh4 Rxh4 26. gxh4 a6 27. Bd4
e5 28. Bc3 Qf3 29. Qxd6 Rc8 30. Nc4 Bf8 31. Qd2 Bh6 32. Qe1 e4 33. Ne5 Qg2 34.
Qf1 Qxf1 35. Rxf1 Rc7 36. Rg1 Be3 37. Rd1 Kf8 1-0

[Event "FB21 1920 SC Rotation Pankow - Chemnitz"]
[Site "?"]
[Date "2019.09.14"]
[Round "1.2"]
[White "Burchardt, Brigitte"]
[Black "Kaden, Romy"]
[Result "1/2-1/2"]
[WhiteElo "2092"]
[BlackElo "1862"]
[PlyCount "114"]
[EventDate "2019.??.??"]

1. e4 c5 2. Nc3 d6 3. g3 Nf6 4. Bg2 Nc6 5. d3 e6 6. Nge2 Be7 7. O-O O-O 8. h3
a6 9. f4 d5 10. Kh2 dxe4 11. Nxe4 Nxe4 12. Bxe4 Nd4 13. Be3 Rb8 14. Rb1 Nxe2
15. Qxe2 b5 16. b4 cxb4 17. Ba7 Rb7 18. Bxb7 Bxb7 19. Be3 Qd5 20. Bd2 Rc8 21.
Rfc1 Qxa2 22. Bxb4 Bxb4 23. Rxb4 Qa3 24. Qd2 Qa2 25. Rb3 h6 26. g4 Qa4 27. Qb4
Qa2 28. Qd2 Qa4 29. Kg3 Qd4 30. Qf2 Qd5 31. c4 bxc4 32. dxc4 Qc6 33. Rb6 Qd7
34. Qe3 a5 35. c5 Bc6 36. Rb3 Qd5 37. Rd3 Qg2+ 38. Kh4 Qb2 39. Qd2 Qf6+ 40. Kg3
a4 41. Qc3 Qe7 42. Qa5 e5 43. Qb4 e4 44. Rd6 e3 45. Re1 Qe8 46. Qd4 e2 47. Kf2
Bb5 48. c6 Qe7 49. Kg3 Bxc6 50. f5 Qc7 51. Rxe2 Rd8 52. Rd2 Rb8 53. Kh4 Rb3 54.
Rd3 Qe7+ 55. Kg3 Qe1+ 56. Qf2 Qe5+ 57. Qf4 Qe1+ 1/2-1/2

[Event "FB21 1920 SC Rotation Pankow - Chemnitz"]
[Site "?"]
[Date "2019.09.14"]
[Round "1.3"]
[White "Fischer, Franziska"]
[Black "Jahn, Constanze"]
[Result "1/2-1/2"]
[WhiteElo "1752"]
[BlackElo "2057"]
[PlyCount "61"]
[EventDate "2019.??.??"]

1. d4 d5 2. e3 Bf5 3. Be2 Nf6 4. Nd2 h6 5. b3 Nc6 6. a3 e6 7. Bb2 Bd6 8. Ngf3
O-O 9. c4 Re8 10. c5 Bf8 11. b4 a6 12. O-O Nd7 13. Qb3 g5 14. Bd3 Bxd3 15. Qxd3
f5 16. Ne5 Ncxe5 17. dxe5 Bg7 18. f4 g4 19. g3 h5 20. Kf2 h4 21. Nb3 c6 22. Nd4
Qe7 23. Rac1 Nf8 24. Rfd1 Bh6 25. Ne2 Red8 26. Rc2 Ng6 27. Rh1 h3 28. Ra1 Nf8
29. Nd4 Re8 30. Nb3 Nd7 31. Bd4 1/2-1/2

[Event "FB21 1920 SC Rotation Pankow - Chemnitz"]
[Site "?"]
[Date "2019.09.14"]
[Round "1.4"]
[White "Mai, Iris"]
[Black "Krentz, Susann"]
[Result "1-0"]
[WhiteElo "2043"]
[BlackElo "1731"]
[PlyCount "95"]
[EventDate "2019.??.??"]

1. d4 Nf6 2. Nf3 e6 3. c4 Bb4+ 4. Bd2 Bxd2+ 5. Qxd2 b6 6. Nc3 Bb7 7. Rd1 d5 8.
e3 Nbd7 9. cxd5 Nxd5 10. Bd3 Nxc3 11. bxc3 O-O 12. O-O Nf6 13. Ne5 Rc8 14. Qb2
Qe7 15. Qb4 Rfe8 16. Qa4 a5 17. Bb5 Red8 18. Nc6 Bxc6 19. Bxc6 Nd7 20. f4 Nf6
21. c4 Ne8 22. Rb1 Rb8 23. Rb3 f5 24. Rfb1 Qh4 25. Bxe8 Rxe8 26. c5 Qd8 27.
cxb6 cxb6 28. Rxb6 Qc7 29. Qb3 Rxb6 30. Qxb6 Qc3 31. Qb3 Qc7 32. h3 Kf7 33. Qb7
Re7 34. Qf3 g6 35. Rf1 Qc4 36. Rf2 Rc7 37. Qe2 Qc6 38. Qf3 Qc4 39. g4 Qc1+ 40.
Kg2 Qc6 41. Qxc6 Rxc6 42. Rb2 Rc7 43. Kf3 h6 44. Rb5 Ra7 45. a4 Kf6 46. h4 Kf7
47. h5 gxh5 48. gxf5 1-0

[Event "FB21 1920 SC Rotation Pankow - Chemnitz"]
[Site "?"]
[Date "2019.09.14"]
[Round "1.5"]
[White "Schubert, Arlene"]
[Black "Heyme, Sibylle"]
[Result "0-1"]
[WhiteElo "1575"]
[BlackElo "2041"]
[PlyCount "76"]
[EventDate "2019.??.??"]

1. e4 d6 2. d4 Nf6 3. Nc3 g6 4. Bc4 c6 5. Bb3 b5 6. a3 Bg7 7. Nge2 O-O 8. O-O
Nbd7 9. Ng3 Ba6 10. Nce2 c5 11. c3 h5 12. f3 Rc8 13. Bd2 Qb6 14. Be3 Qb7 15.
Nf4 e6 16. Qd2 b4 17. Rfc1 bxc3 18. Rxc3 cxd4 19. Bxd4 Rxc3 20. Qxc3 e5 21.
Nxg6 exd4 22. Qc2 Nc5 23. Ba2 Re8 24. Nf5 d3 25. Qc3 Na4 26. Qd2 Qxb2 27. Qxb2
Nxb2 28. Ne3 d5 29. Nf4 dxe4 30. fxe4 Rxe4 31. Nfd5 Nxd5 32. Nxd5 Bd4+ 33. Kh1
d2 34. h3 Re1+ 35. Rxe1 dxe1=Q+ 36. Kh2 Be5+ 37. g3 Qxg3+ 38. Kh1 Qh2# 0-1

[Event "FB21 1920 SC Rotation Pankow - Chemnitz"]
[Site "?"]
[Date "2019.09.14"]
[Round "1.6"]
[White "Jeske, Kirsten"]
[Black "Brewig, Becky"]
[Result "1-0"]
[WhiteElo "1958"]
[BlackElo "1373"]
[PlyCount "71"]
[EventDate "2019.??.??"]

1. e4 c5 2. Nf3 Nc6 3. d4 cxd4 4. Nxd4 d6 5. c4 g6 6. Nc3 Bg7 7. Be3 Nf6 8. Be2
Qd7 9. h3 b6 10. Nxc6 Qxc6 11. e5 Bb7 12. Bf3 Qc7 13. exf6 Bxf6 14. Qa4+ Kf8
15. Nd5 Bxd5 16. Bxd5 Rc8 17. Bh6+ Bg7 18. Bxg7+ Kxg7 19. O-O e6 20. Bf3 a5 21.
Rac1 Rhd8 22. a3 Qb8 23. b4 axb4 24. axb4 Rc7 25. Qb3 Rdc8 26. b5 d5 27. Qb2+
Kg8 28. cxd5 exd5 29. Bxd5 Rc5 30. Bc6 Rg5 31. Rcd1 Qf4 32. Qd4 Qb8 33. Rfe1 h6
34. Re7 Rf8 35. Rde1 Kh7 36. Re8 1-0

[Event "FB21 1920 USV TU Dresden - SV Grün-Wei"]
[Site "?"]
[Date "2019.09.14"]
[Round "1.1"]
[White "Arnhold, Steffi"]
[Black "Dumkova, Daniela"]
[Result "1/2-1/2"]
[WhiteElo "2048"]
[BlackElo "1935"]
[PlyCount "56"]
[EventDate "2019.??.??"]

1. e4 c5 2. Nf3 d6 3. d4 cxd4 4. Nxd4 Nf6 5. Nc3 a6 6. Bg5 Nbd7 7. f4 b5 8. a3
Qc7 9. Bd3 e6 10. Qe2 Be7 11. Nf3 Nb6 12. O-O Bb7 13. Rae1 h6 14. Bxf6 Bxf6 15.
e5 dxe5 16. fxe5 Be7 17. Ne4 O-O 18. c3 Rad8 19. Bb1 Nc4 20. Qc2 g6 21. Kh1 Rd5
22. Qc1 Nxe5 23. Qf4 Qb8 24. Qxh6 Nxf3 25. Rxf3 Rh5 26. Qf4 Bxe4 27. Qxb8 Rxb8
28. Rxe4 Rd5 1/2-1/2

[Event "FB21 1920 USV TU Dresden - SV Grün-Wei"]
[Site "?"]
[Date "2019.09.14"]
[Round "1.2"]
[White "Vavrinkova, Eliska"]
[Black "Arnhold, Kerstin"]
[Result "0-1"]
[WhiteElo "1873"]
[BlackElo "1993"]
[PlyCount "72"]
[EventDate "2019.??.??"]

1. d4 Nf6 2. Nf3 e6 3. c4 b6 4. Nc3 Bb7 5. Bg5 Be7 6. e3 O-O 7. Bd3 d6 8. O-O
Nbd7 9. e4 h6 10. Bh4 e5 11. Rc1 c6 12. Ne2 Ng4 13. Bg3 exd4 14. Nfxd4 Nc5 15.
Bb1 Re8 16. b4 Ne6 17. Nf5 Ne5 18. f4 Ng6 19. Nxe7+ Nxe7 20. f5 Ng5 21. Bxd6 c5
22. bxc5 Nxe4 23. Bxe4 Bxe4 24. Ng3 Bb7 25. f6 Ng6 26. fxg7 Qg5 27. Qd4 Re2 28.
Rfe1 Rxg2+ 29. Kf1 Rd2 30. Qc3 Nh4 31. Re3 Rxh2 32. Rce1 Rh1+ 33. Kf2 Rxe1 34.
Qxe1 bxc5 35. Re7 Nf5 36. Re5 Qf4+ 0-1

[Event "FB21 1920 USV TU Dresden - SV Grün-Wei"]
[Site "?"]
[Date "2019.09.14"]
[Round "1.3"]
[White "Nobis, Martina"]
[Black "von Keyserlingk, Chanda"]
[Result "1-0"]
[WhiteElo "1887"]
[BlackElo "1715"]
[PlyCount "51"]
[EventDate "2019.??.??"]

1. e4 c5 2. Nf3 d6 3. d4 cxd4 4. Nxd4 Nf6 5. Nc3 g6 6. Bc4 Bg7 7. f3 Nc6 8. Be3
O-O 9. Qd2 Bd7 10. O-O-O Qa5 11. Kb1 Rfc8 12. Bb3 Kf8 13. h4 Ne5 14. Bh6 Nc4
15. Bxg7+ Kxg7 16. Bxc4 Rxc4 17. h5 Rh8 18. hxg6 hxg6 19. Rxh8 Kxh8 20. Qh6+
Kg8 21. Rh1 Nh5 22. Nb3 Qe5 23. g4 Qg7 24. Qe3 Ng3 25. Rg1 Qe5 26. f4 1-0

[Event "FB21 1920 USV TU Dresden - SV Grün-Wei"]
[Site "?"]
[Date "2019.09.14"]
[Round "1.4"]
[White "Hartmann, Anne"]
[Black "Peglau, Mirjam"]
[Result "0-1"]
[WhiteElo "1780"]
[BlackElo "1861"]
[PlyCount "80"]
[EventDate "2019.??.??"]

1. c4 c5 2. Nf3 Nf6 3. Nc3 d5 4. cxd5 Nxd5 5. g3 Nc6 6. Bg2 Nc7 7. O-O e5 8. d3
Be7 9. Bd2 Be6 10. a3 Rc8 11. Rc1 Nd5 12. Nxd5 Bxd5 13. Bc3 f6 14. Bh3 Rc7 15.
e4 Bf7 16. Qc2 O-O 17. Rfd1 Bd6 18. Qd2 Bb3 19. Re1 Qe7 20. Nh4 g6 21. Qh6 Qg7
22. Bd2 Nd4 23. Qxg7+ Kxg7 24. f4 exf4 25. gxf4 Rff7 26. Kf2 Rc6 27. Rg1 Kf8
28. Nf3 Nb5 29. Ke2 Rfc7 30. e5 Re7 31. Rce1 fxe5 32. fxe5 Bxe5 33. Nxe5 Rxe5+
34. Kf3 Rf6+ 35. Kg4 Be6+ 36. Kh4 Rh5+ 37. Kg3 Rxh3+ 38. Kg2 Rxd3 39. Bh6+ Kf7
40. Rgf1 Bh3+ 0-1

[Event "FB21 1920 USV TU Dresden - SV Grün-Wei"]
[Site "?"]
[Date "2019.09.14"]
[Round "1.5"]
[White "Kindt, Ulrike"]
[Black "Gottschall, Ina"]
[Result "1-0"]
[WhiteElo "1761"]
[BlackElo "1656"]
[PlyCount "45"]
[EventDate "2019.??.??"]

1. d4 b6 2. Nf3 Bb7 3. e3 g6 4. Bd3 Bg7 5. O-O e6 6. Nbd2 d6 7. c3 a6 8. Re1
Ne7 9. Bc2 Nd7 10. e4 h6 11. Rb1 g5 12. h3 Ng6 13. Nf1 Nf6 14. e5 Bxf3 15. Qxf3
Nd5 16. Bxg6 fxg6 17. exd6 Qxd6 18. Qe4 Kf7 19. Ne3 Nf6 20. Qc2 h5 21. Nc4 Qd5
22. Ne5+ Kg8 23. Nxg6 1-0

[Event "FB21 1920 SG 1871 Löberitz - SG Leipzig"]
[Site "?"]
[Date "2019.09.14"]
[Round "1.1"]
[White "Halas, Julia"]
[Black "Berzina, Ilze"]
[Result "1/2-1/2"]
[WhiteElo "2078"]
[BlackElo "2217"]
[PlyCount "59"]
[EventDate "2019.??.??"]

1. d4 d5 2. c4 c6 3. Nf3 Nf6 4. Qc2 g6 5. Bf4 dxc4 6. Qxc4 Bg7 7. e3 O-O 8. Be2
Nbd7 9. Nc3 Nb6 10. Qb3 a5 11. a4 Be6 12. Qd1 Nfd5 13. Bg3 Nb4 14. O-O h6 15.
Rc1 Nc4 16. b3 Nd6 17. h3 Qb6 18. Ne5 Qd8 19. Nc4 Nf5 20. Bh2 Rc8 21. Ne4 b6
22. g4 Nh4 23. Bg3 g5 24. Bxh4 gxh4 25. f4 f5 26. Nf2 Na2 27. Rc2 Nb4 28. Rc1
Na2 29. Rc2 Nb4 30. Rc1 1/2-1/2

[Event "FB21 1920 SG 1871 Löberitz - SG Leipzig"]
[Site "?"]
[Date "2019.09.14"]
[Round "1.2"]
[White "Otikova, Elina"]
[Black "Beltz, Franziska"]
[Result "1-0"]
[WhiteElo "2072"]
[BlackElo "2062"]
[PlyCount "87"]
[EventDate "2019.??.??"]

1. e4 c5 2. Nf3 d6 3. d4 cxd4 4. Nxd4 Nf6 5. Nc3 Nc6 6. Be2 e6 7. O-O Be7 8.
Be3 a6 9. f4 Qc7 10. Bf3 Bd7 11. Nb3 b5 12. Kh1 Rc8 13. Qe1 O-O 14. Qg3 Rfe8
15. Rad1 Bf8 16. e5 dxe5 17. fxe5 Qxe5 18. Bf4 Qf5 19. Bg5 Nb8 20. Bxf6 Qxf6
21. Bh5 Qe7 22. Bxf7+ Qxf7 23. Rxf7 Kxf7 24. Ne4 Be7 25. c3 Kg8 26. Nd6 Bxd6
27. Qxd6 e5 28. Re1 Rc6 29. Qd5+ Be6 30. Qxe5 Nd7 31. Qg3 Rcc8 32. Nd4 Bxa2 33.
h3 Bf7 34. Rxe8+ Rxe8 35. Nf5 Bg6 36. Nd4 Ne5 37. Qg5 Nd3 38. Nf5 Kh8 39. Ne7
Be4 40. Qh4 Bb7 41. Kh2 Nxb2 42. Qd4 Rf8 43. Nf5 Rg8 44. Nd6 1-0

[Event "FB21 1920 SG 1871 Löberitz - SG Leipzig"]
[Site "?"]
[Date "2019.09.14"]
[Round "1.3"]
[White "Petri, Birgit"]
[Black "Naumann, Nadine"]
[Result "1/2-1/2"]
[WhiteElo "1985"]
[BlackElo "1964"]
[PlyCount "160"]
[EventDate "2019.??.??"]

1. e4 c6 2. d4 d5 3. Nc3 dxe4 4. Nxe4 Nf6 5. Nxf6+ exf6 6. Bc4 Bd6 7. Ne2 O-O
8. Qd3 Qc7 9. Bd2 Be6 10. O-O-O Bxc4 11. Qxc4 b5 12. Qd3 Nd7 13. h4 Nb6 14. Ba5
Rfe8 15. Ng3 Bxg3 16. fxg3 Qd6 17. Bxb6 axb6 18. Rhe1 Re6 19. a3 Qd5 20. Rxe6
fxe6 21. Qf3 Rd8 22. c3 Kf7 23. Re1 Ra8 24. Re2 Rc8 25. Qd3 h5 26. Rf2 Rh8 27.
Qe3 Ke7 28. Qf4 Kd7 29. g4 Qd6 30. gxh5 Qxf4+ 31. Rxf4 Rxh5 32. g3 Ke7 33. Kd2
g5 34. hxg5 Rh2+ 35. Ke3 fxg5 36. Rf2 Rh1 37. Kf3 Rh8 38. Kg4 Rg8 39. Rh2 Rg7
40. Rh8 c5 41. Rb8 Kf6 42. dxc5 bxc5 43. Rxb5 Rc7 44. c4 Ke5 45. b3 Kd4 46. Rb8
Re7 47. Kxg5 e5 48. Kf6 Rd7 49. g4 e4 50. g5 e3 51. g6 Rd6+ 52. Kf5 Rd7 53. Re8
Kd3 54. Kf6 Rd6+ 55. Kf7 Rd7+ 56. Kf8 Rd4 57. Rxe3+ Kxe3 58. g7 Rf4+ 59. Ke7
Rg4 60. Kf6 Kd4 61. a4 Rg1 62. a5 Rf1+ 63. Ke6 Rg1 64. Kf7 Rf1+ 65. Kg8 Kc3 66.
a6 Ra1 67. Kf7 Rf1+ 68. Ke6 Re1+ 69. Kd6 Re8 70. Kxc5 Kxb3 71. a7 Ka4 72. Kc6
Ka5 73. Kd7 Ra8 74. Kd6 Ka6 75. c5 Kxa7 76. Ke7 Rc8 77. Kf7 Kb7 78. g8=Q Rxg8
79. Kxg8 Kc6 80. Kf7 Kxc5 1/2-1/2

[Event "FB21 1920 SG 1871 Löberitz - SG Leipzig"]
[Site "?"]
[Date "2019.09.14"]
[Round "1.4"]
[White "Schuster, Rebekka"]
[Black "Gempe, Anet"]
[Result "1/2-1/2"]
[WhiteElo "1819"]
[BlackElo "1982"]
[PlyCount "61"]
[EventDate "2019.??.??"]

1. e4 e6 2. d4 d5 3. exd5 exd5 4. Bd3 Bd6 5. Ne2 Ne7 6. O-O O-O 7. Bf4 Bf5 8.
Bg3 c6 9. c3 Qd7 10. Nf4 Bxd3 11. Nxd3 Bxg3 12. hxg3 Na6 13. Nd2 Rae8 14. Ne5
Qc8 15. Ndf3 f6 16. Nd3 Nf5 17. g4 Nd6 18. g5 Qf5 19. gxf6 Rxf6 20. Nfe5 Rh6
21. Qg4 Nc7 22. Rae1 Qxg4 23. Nxg4 Rhe6 24. Rxe6 Nxe6 25. Re1 Ng5 26. Nge5 Nge4
27. f3 Nf6 28. Kf2 Rf8 29. Kg1 Re8 30. Kf2 Rf8 31. Kg1 1/2-1/2

[Event "FB21 1920 SG 1871 Löberitz - SG Leipzig"]
[Site "?"]
[Date "2019.09.14"]
[Round "1.5"]
[White "Just, Gabriele"]
[Black "Koetteritzsch, Josephine"]
[Result "1-0"]
[WhiteElo "1873"]
[BlackElo "1651"]
[PlyCount "97"]
[EventDate "2019.??.??"]

1. d4 d5 2. Nf3 Bg4 3. Ne5 Be6 4. Bf4 Nf6 5. Nd2 Nbd7 6. e3 Bf5 7. g4 Be6 8.
Be2 Ne4 9. O-O f6 10. Nd3 g5 11. Bg3 Bg7 12. a4 f5 13. gxf5 Bxf5 14. Bh5+ Kf8
15. Nb3 Nef6 16. Bf3 e6 17. Be5 Rc8 18. Nbc5 b6 19. Nxd7+ Qxd7 20. Kh1 Rg8 21.
Rg1 h6 22. Bg3 Qf7 23. Ne5 Qe8 24. c3 h5 25. h4 g4 26. Be2 Nd7 27. Nxd7+ Qxd7
28. f3 Bf6 29. Kh2 Qe7 30. fxg4 Bxg4 31. Rf1 Ke8 32. Qe1 Qg7 33. Ba6 Rd8 34.
Qf2 Bf5 35. Bb5+ Ke7 36. Be2 Qg6 37. Bxc7 Rd7 38. Bf4 Kd8 39. Rg1 Qh7 40. Rxg8+
Qxg8 41. Rg1 Rg7 42. Rxg7 Qxg7 43. Qg3 Qf7 44. Bg5 Bg6 45. Qb8+ Ke7 46. Qxa7+
Kf8 47. Qxf7+ Kxf7 48. Bxf6 Kxf6 49. b4 1-0

[Event "FB21 1920 SG 1871 Löberitz - SG Leipzig"]
[Site "?"]
[Date "2019.09.14"]
[Round "1.6"]
[White "Reiss, Viktoria"]
[Black "Nguyen, Jenny Ha-Linh"]
[Result "1/2-1/2"]
[WhiteElo "1406"]
[BlackElo "1368"]
[PlyCount "31"]
[EventDate "2019.??.??"]

1. e4 e6 2. d4 d5 3. exd5 exd5 4. Bd3 Bd6 5. Ne2 Ne7 6. Bf4 O-O 7. O-O c6 8. c3
Bf5 9. Qd2 Bxd3 10. Qxd3 Ng6 11. Bg3 Qc7 12. Nd2 Nd7 13. Rfe1 Nf6 14. Bxd6 Qxd6
15. Ng3 Rfe8 16. Rad1 1/2-1/2

[Event "FB21 1920 SV Merseburg - SC Leipzig-Lin"]
[Site "?"]
[Date "2019.09.14"]
[Round "1.1"]
[White "Lorenz, Nicole"]
[Black "Hartung, Katja"]
[Result "0-1"]
[WhiteElo "1930"]
[BlackElo "1925"]
[PlyCount "60"]
[EventDate "2019.??.??"]

1. e4 e5 2. Bc4 Nc6 3. Nf3 Nf6 4. d3 Bc5 5. c3 d6 6. Bb3 Bg4 7. O-O Qd7 8. a4
a5 9. h3 Bh5 10. Qe2 h6 11. Rd1 g5 12. d4 exd4 13. e5 dxe5 14. cxd4 Bb6 15. d5
O-O-O 16. dxc6 Qxc6 17. Rxd8+ Rxd8 18. Qe1 Bxf3 19. gxf3 Qxf3 20. Be3 Qxh3 21.
Nd2 Bxe3 22. fxe3 Qg4+ 23. Kh2 Qb4 24. Rd1 Ng4+ 25. Kg1 Kb8 26. Nc4 Rxd1 27.
Qxd1 f5 28. Na3 c6 29. Nc4 Kc7 30. e4 Qc5+ 0-1

[Event "FB21 1920 SV Merseburg - SC Leipzig-Lin"]
[Site "?"]
[Date "2019.09.14"]
[Round "1.2"]
[White "Pflug, Tanja"]
[Black "Lowke, Kathrin"]
[Result "1/2-1/2"]
[WhiteElo "2039"]
[BlackElo "1840"]
[PlyCount "68"]
[EventDate "2019.??.??"]

1. d4 Nf6 2. Bf4 d6 3. e3 g6 4. Nd2 Bg7 5. Bd3 O-O 6. Ngf3 Nc6 7. c3 Qe8 8. Qc2
Nh5 9. Bg3 e5 10. dxe5 dxe5 11. O-O-O Be6 12. Bb5 Nxg3 13. hxg3 a6 14. Bd3 h6
15. Nh4 b5 16. f4 b4 17. c4 b3 18. axb3 Nb4 19. Qb1 Nxd3+ 20. Qxd3 Bg4 21. Rdf1
Rd8 22. Qc2 exf4 23. exf4 Qe3 24. f5 gxf5 25. Nxf5 Bxf5 26. Rxf5 Qxg3 27. Rff1
Rfe8 28. Nf3 Re3 29. Rd1 Rde8 30. Rh3 Qf4 31. Rh4 Qf6 32. Rhd4 Re2 33. R4d2
R2e3 34. Rd7 Re2 1/2-1/2

[Event "FB21 1920 SV Merseburg - SC Leipzig-Lin"]
[Site "?"]
[Date "2019.09.14"]
[Round "1.5"]
[White "Herbrig, Marie-Helen"]
[Black "Kuemmel, Tina"]
[Result "1-0"]
[WhiteElo "1873"]
[BlackElo "1434"]
[PlyCount "71"]
[EventDate "2019.??.??"]

1. d4 Nf6 2. Nf3 g6 3. Bf4 Bg7 4. Nbd2 d5 5. e3 O-O 6. Bd3 Nbd7 7. O-O c5 8. c3
b6 9. Qe2 a6 10. a4 Bb7 11. h3 Ne4 12. Bc2 Ndf6 13. Rad1 Qc8 14. Ne5 Nh5 15.
Bh2 f6 16. Nxe4 fxe5 17. Ng5 e4 18. h4 Bf6 19. dxc5 bxc5 20. c4 e6 21. Bb3 Rd8
22. cxd5 exd5 23. Nxe4 Bxh4 24. Nd6 Qd7 25. Bxd5+ Bxd5 26. Rxd5 Qxa4 27. Rxc5
Be7 28. Rc4 Qb3 29. Rd4 Rab8 30. Qf3 Rf8 31. Qe4 Bf6 32. Rd3 Qb4 33. Qe6+ Kg7
34. Nc4 Rbe8 35. Rd7+ Be7 36. Nd6 1-0

[Event "FB21 1920 SV Grün-Weiß Niederwiesa - "]
[Site "?"]
[Date "2019.09.15"]
[Round "2.1"]
[White "Wagner-Michel, Annett"]
[Black "Arnhold, Steffi"]
[Result "1/2-1/2"]
[WhiteElo "2055"]
[BlackElo "2048"]
[PlyCount "74"]
[EventDate "2019.??.??"]

1. e4 c5 2. Nf3 Nc6 3. Bb5 Nd4 4. Bc4 e6 5. Nxd4 cxd4 6. O-O Qc7 7. Qe2 Ne7 8.
d3 a6 9. a4 b6 10. f4 Bb7 11. f5 O-O-O 12. fxe6 fxe6 13. Bf4 e5 14. Bg3 Ng6 15.
c3 Bc5 16. b4 Bd6 17. Qb2 Kb8 18. cxd4 exd4 19. Bxd6 Qxd6 20. Nd2 Ne5 21. Nf3
Nxc4 22. dxc4 Bxe4 23. c5 Qd5 24. Nxd4 bxc5 25. bxc5+ Ka8 26. Rac1 Rb8 27. Qf2
Rhc8 28. Nf3 Rf8 29. Rcd1 Qb7 30. Qe2 Rbe8 31. Qd2 Bxf3 32. gxf3 Rxf3 33. Rxf3
Qxf3 34. Qd5+ Qxd5 35. Rxd5 Re7 36. Rd6 Kb7 37. a5 Rf7 1/2-1/2

[Event "FB21 1920 SV Grün-Weiß Niederwiesa - "]
[Site "?"]
[Date "2019.09.15"]
[Round "2.2"]
[White "Arnhold, Kerstin"]
[Black "Burchardt, Brigitte"]
[Result "0-1"]
[WhiteElo "1993"]
[BlackElo "2092"]
[PlyCount "60"]
[EventDate "2019.??.??"]

1. e4 c5 2. Nf3 d6 3. d4 cxd4 4. Nxd4 Nf6 5. Nc3 a6 6. Bc4 e6 7. a4 Be7 8. O-O
O-O 9. Be3 Qc7 10. Bb3 Nc6 11. f4 Bd7 12. Qe2 Rac8 13. f5 e5 14. Nxc6 Bxc6 15.
Nd5 Bxd5 16. exd5 Kh8 17. c3 Nd7 18. Rf3 Qd8 19. Rh3 Bg5 20. Bxg5 Qxg5 21. Rf1
Nf6 22. c4 Rc5 23. Bc2 b5 24. axb5 axb5 25. Rg3 Qh5 26. Qe1 Rxc4 27. Bd3 Rh4
28. h3 b4 29. Qc1 Rd4 30. Bc4 Qh4 0-1

[Event "FB21 1920 SV Grün-Weiß Niederwiesa - "]
[Site "?"]
[Date "2019.09.15"]
[Round "2.3"]
[White "Jahn, Constanze"]
[Black "Nobis, Martina"]
[Result "1-0"]
[WhiteElo "2057"]
[BlackElo "1887"]
[PlyCount "81"]
[EventDate "2019.??.??"]

1. e4 g6 2. Bc4 Bg7 3. d4 d6 4. Qf3 e6 5. Ne2 c5 6. dxc5 Qa5+ 7. Nbc3 Qxc5 8.
Qd3 a6 9. Be3 Qc7 10. Rd1 Nd7 11. Bb3 Bf8 12. Bd4 Ngf6 13. Qd2 Be7 14. O-O Nc5
15. Bxf6 Bxf6 16. Qxd6 Qxd6 17. Rxd6 Nxb3 18. axb3 Be5 19. Rd2 b5 20. f4 Bc7
21. e5 Ke7 22. Ne4 Bb6+ 23. Nd4 Rd8 24. Rfd1 Bb7 25. Nf6 h5 26. Kf1 Rac8 27. c3
Ba8 28. g3 Bb7 29. Ke2 Bc7 30. h4 Bb6 31. Nxb5 axb5 32. Rd7+ Kf8 33. Rxb7 Rxd1
34. Kxd1 Bf2 35. Ne4 Be3 36. Ke2 Bc1 37. Nd6 Ra8 38. Rxb5 Bxb2 39. c4 Bc3 40.
Rb7 Kg8 41. c5 1-0

[Event "FB21 1920 SV Grün-Weiß Niederwiesa - "]
[Site "?"]
[Date "2019.09.15"]
[Round "2.4"]
[White "Peglau, Mirjam"]
[Black "Mai, Iris"]
[Result "1/2-1/2"]
[WhiteElo "1861"]
[BlackElo "2043"]
[PlyCount "87"]
[EventDate "2019.??.??"]

1. d4 Nf6 2. c4 b6 3. Nc3 Bb7 4. Bf4 e6 5. a3 d5 6. Nf3 Bd6 7. Bxd6 cxd6 8. e3
O-O 9. Bd3 Qe7 10. O-O e5 11. Be2 dxc4 12. Bxc4 Nbd7 13. dxe5 dxe5 14. Nd5 Nxd5
15. Bxd5 Bxd5 16. Qxd5 e4 17. Nd4 Nc5 18. b4 Nd3 19. Nc6 Qe6 20. Qxe6 fxe6 21.
Rad1 Rf7 22. f3 Nb2 23. Rd4 exf3 24. gxf3 b5 25. Ne5 Rf5 26. Nc6 Rg5+ 27. Kf2
Rh5 28. h4 Nc4 29. a4 a6 30. Rg1 Re8 31. axb5 axb5 32. Rg5 Rxg5 33. hxg5 Kf7
34. f4 e5 35. Rd7+ Kg6 36. Ne7+ Kh5 37. Nf5 Kg4 38. Nxg7 Ra8 39. fxe5 Ra2+ 40.
Ke1 Nxe5 41. Rd4+ Kf3 42. Nf5 Ra1+ 43. Kd2 Nc4+ 44. Kc2 1/2-1/2

[Event "FB21 1920 SV Grün-Weiß Niederwiesa - "]
[Site "?"]
[Date "2019.09.15"]
[Round "2.5"]
[White "Heyme, Sibylle"]
[Black "Kindt, Ulrike"]
[Result "1-0"]
[WhiteElo "2041"]
[BlackElo "1761"]
[PlyCount "115"]
[EventDate "2019.??.??"]

1. e4 c5 2. Nf3 Nc6 3. d4 cxd4 4. Nxd4 a6 5. c4 d6 6. Nc3 Nf6 7. Be2 e6 8. O-O
Be7 9. Be3 O-O 10. Kh1 Ne8 11. Rc1 Bd7 12. Qd2 Nxd4 13. Bxd4 Bc6 14. f3 Bg5 15.
f4 Bh6 16. Be3 g6 17. Rcd1 Qe7 18. b4 f5 19. Bf3 fxe4 20. Nxe4 Bxe4 21. Bxe4
Rc8 22. Bd3 Bg7 23. Be2 Qf6 24. Rc1 Qe7 25. Rfd1 Rf7 26. Bg4 Nf6 27. Bf3 Ne8
28. g3 Qf6 29. Bg2 Rfc7 30. Qd3 Qb2 31. Bh3 Re7 32. a3 Qf6 33. Qe4 Rcc7 34. Bb6
Rcd7 35. c5 d5 36. Qe2 Kf7 37. c6 bxc6 38. Rxc6 Rd6 39. Rxd6 Nxd6 40. Bd4 Qxd4
41. Rxd4 Bxd4 42. Qxa6 Nc4 43. Kg2 Ne3+ 44. Kf3 Nf5 45. Bxf5 gxf5 46. a4 Rc7
47. a5 Kf6 48. Qd6 Rc3+ 49. Ke2 Re3+ 50. Kd2 Re4 51. a6 Bg1 52. b5 Ra4 53. Qf8+
Kg6 54. Qg8+ Kf6 55. Qf8+ Kg6 56. Qc8 Kf6 57. Qb7 Ra2+ 58. Kd1 1-0

[Event "FB21 1920 SV Grün-Weiß Niederwiesa - "]
[Site "?"]
[Date "2019.09.15"]
[Round "2.6"]
[White "Schiffer, Sabine"]
[Black "Jeske, Kirsten"]
[Result "0-1"]
[WhiteElo "1687"]
[BlackElo "1958"]
[PlyCount "50"]
[EventDate "2019.??.??"]

1. d4 e6 2. c4 f5 3. Nf3 Nf6 4. Nc3 d5 5. e3 c6 6. a3 Ne4 7. cxd5 exd5 8. h4
Bd6 9. Qc2 Nd7 10. b4 a6 11. Bd3 Ndf6 12. Nd2 Ng4 13. Ncxe4 fxe4 14. Be2 O-O
15. Bxg4 Bxg4 16. g3 Qf6 17. Nf1 Rf7 18. Nh2 Bf3 19. Rg1 Raf8 20. Ra2 Qe6 21.
Nxf3 Rxf3 22. g4 Be7 23. Qd1 Bxh4 24. Rg2 h5 25. gxh5 Qh3 0-1

[Event "FB21 1920 Chemnitzer SC Aufbau 95 - USV"]
[Site "?"]
[Date "2019.09.15"]
[Round "2.1"]
[White "Dumkova, Daniela"]
[Black "Czaeczine, Anne"]
[Result "0-1"]
[WhiteElo "1935"]
[BlackElo "2190"]
[PlyCount "84"]
[EventDate "2019.??.??"]

1. d4 Nf6 2. c4 c5 3. Nf3 cxd4 4. Nxd4 e5 5. Nb5 d5 6. cxd5 Bc5 7. e3 O-O 8.
Be2 Nxd5 9. O-O a6 10. N5c3 Be6 11. a3 Nxc3 12. Nxc3 Qxd1 13. Rxd1 Bb3 14. Re1
Nc6 15. Ne4 Be7 16. Bd2 f5 17. Ng3 g6 18. Bc3 e4 19. Bd1 Bxd1 20. Rexd1 Rfd8
21. Ne2 Rxd1+ 22. Rxd1 Rd8 23. Rxd8+ Bxd8 24. Nd4 Nxd4 25. Bxd4 Kf7 26. Kf1 Ke6
27. Ke2 Kd5 28. Kd2 h5 29. g3 h4 30. Bc3 h3 31. Ke2 g5 32. f3 Bc7 33. f4 gxf4
34. gxf4 Kc4 35. Bd4 Bxf4 36. b3+ Kd5 37. Bb6 Bxh2 38. Kf2 f4 39. Kf1 f3 40.
Kf2 Bd6 41. Kg1 h2+ 42. Kh1 f2 0-1